Регионална библиотека "Любен Каравелов" - Русе

Съчинения (Запис номер 423536)

MARC детайли
000 -Лидер
Контролно поле с фиксирана дължина 01272nam a2200265 a 4500
003 - Код на организацията, давaща контролен номер
Контролно поле BLK
005 - Дата и час на последна редакция
Контролно поле 20240730084216.0
008 - Елементи от данни с фиксирана дължина
fixed length control field 210712b bu |||||r|||| 00| | bu d
040 ## - Източник на каталожния запис
Идентификатор на билиотеката - собственик на записа BLK
041 ## - Код за език
Код за езика на текст/звукозапис или на отделно заглавие Български
Код за езика КДБФ Български
080 ## - УДК
Текстов определител УДК Българска литература
УДК код - определител по УДК 821.163.2
УДК определител (081)
УДК - код + определител 821.163.2(081)
100 ## - Редна дума - Автор
Автор Яворов, Пейо Крачолов
Дати, свързани с автора 1878 - 1914
Пълна форма на името Крачолов, Пейо Тотев
R(LIN) 245003
139 ## - Редно поле
Редна дума Яворов, Пейо Крачолов
245 ## - Сведения за заглавието
Заглавие Съчинения
Подзаглавни данни Т. 1-5
Редно поле (дума) Пейо Крачолов Яворов; под ред. на Владимир Василев
Том Т. 4
Заглавие на том Свобода или смърт ; Статии върху Македонския въпрос.
250 ## - Област на изданието
Сведения за изданието 2. изд
260 ## - Област на издателските данни
9 (RLIN) 209594
Място на издаване, разпространение и проч. София
Име на издателя, разпространителя и проч. Хемус
Година на издаване 1939-1940
Печатница София : Едисон
Издателство - префикс ISBN 954-428-
300 ## - Физическа характеристика
Размери/Мащаб 19 см
380 ## - Жанр
Жанр Худож. лит.
700 ## - Други автори (авторска отговорност)
9 (RLIN) 871
Лично име Василев, Владимир
Автороска отговорност (Описва отношението между автора и произведението) под ред. на
760 ## - Описание на основната серия
Място на издаване, издател и година София, 1940
Страници - том 184 с., 2 л. : портр., 3 л. : факс
Част - том Т. 4
Заглавие Свобода или смърт ; Статии върху Македонския въпрос.
852 ## - Местоположение
Форматна сигнатура Цб 8.185.3802
Фондова буква Основен фонд - ползва се само за читалня
999 ## - СИСТЕМНИ КОНТРОЛНИ НОМЕРА
Koha biblionumber 423536
Koha biblioitemnumber 423536
942 ## - АРТИКУЛИ
Вид на библиотечния материал Книги
Скрит в OPAC Не
Периодичен библиозапис Да
944 ## - СЪЗДАВАНЕ И РЕДАКЦИЯ на ЗАПИСА
Създаване/Редакция Създаване
Дата на регистрацията/редакция 2021-07-12
Служител, извършил регистрацията/редакцията 30545
Статус, дата на статуса Нора Радева
999 ## - СИСТЕМНИ КОНТРОЛНИ НОМЕРА
Koha biblioitemnumber 423535
Наличности
Код за отписване Код за изгубен артикул Източник на класификационната схема Код за повреда Коз за рестрикции Код за отдаване Артикулен № Име на библиотеката - собственик Име на библиотеката, в която се намира в момента Статус (Текущо местоположение) Дата на вписване в системата Местоположение - отдел Цена в лева Инвентарен номер Систематично азбучна сигнатура Баркод Цена в евро Служебен тип на артикула
  Не е изгубен Universal Decimal Classification Не е повреден само за читалня ползва се в читалня 842708 Регионална библиотека "Любен Каравелов" Русе Регионална библиотека "Любен Каравелов" Русе Хранилище 2021-07-13 Основен фонд - ползва се само за читалня 0.15 3802-ІV Цб 8.185.3802 900000069541 0.08 Книги
Vip Innovations Ltd, Rousse, Bulgaria 2025